000 00689cam a22001814a 4500
005 20250605164227.0
008 250528s ||||||||||||||||||||||||d
035 _a20916
020 _a9786180300963
040 _aGR-AtMCL
_bgre
_dGR-AtMCL
_eAACR2
245 1 _aΤα Μήλα των Εσπερίδων / Μυθολογικά Παραμύθια
260 _bΜεταίχμιο,
_c2015
520 _aΜε τη σειρά Μυθολογικά Παραμύθια επιχειρήται μία καινούργια "ανάγνωση" των Αρχαίων Ελληνικών Μύθων.
700 1 _aΑγγελίδου Μαρία
_96901
942 _cBK
999 _c5993
_d5993